00382nam a2200157Ia 45000010006000000050017000060080041000230410008000640820016000721000023000882450056001112600009001673000032001766500008002086540008002161701520260306170353.0260306t2000||||xx |||||||||||||| ||und|| aESP a657.42bM19 aMallo, CarloseAUT 0aContabilidad de costos y estratégica de gestión c2000 axx, 746 páginas :c25 cm. aGEN aCCO